Riconosci lo Stato - Quiz n°119 - Statistics

Statistiche generali
  • Questo quiz è stato fatto 22 volte
  • Il punteggio medio è 11 su 12
Statistiche sulle risposte
Indizio Risposta % Corretto
Iniziale della Capitale B
100%
Valuta Dolaro
100%
Superficie 22 965 km²
94%
Popolazione 377 968 ab.
94%
Indipendenza 21 settembre 1981 dal Regno Unito
89%
Re Carlo III Governatore Generale: Dame Froyla Tzalam
89%
Forma di Governo Monarchia parlamentare (Reame del Commonwealth)
89%
Fuso Orario UTC-6
89%
ISU 0,699
83%
PIL (nominale) 1 764 milioni di $
83%
Tasso di crescita 1,86%
78%
Risposta Belize
78%
Nessun quiz corrispondente trovato
Distribuzione punteggi
Percentuale di utenti per punteggio
Percentile per numero di risposta
I tuoi punteggi nel tempo
Non hai fatto questo quiz